Brands Named For People - Statistics

General Stats
  • This quiz has been taken 39 times
  • The average score is 9 of 12
Answer Stats
Picture Answer % Correct
Calvin Klein
97%
Nikola Tesla
97%
Walt Disney
97%
Enzo Ferrari
94%
Harley Davidson
94%
Louis Vuitton
89%
Tommy Hilfiger
83%
Henry Ford
78%
Ralph Lauren
72%
Christian Dior
58%
Sara Lee
36%
Eddie Bauer
17%
No matching quizzes found
Score Distribution
Percent of People with Each Score
Percentile by Number Answered
Your Score History
You have not taken this quiz